Медицинский термометр; Схемотехника; № 11

Bibliographic Details
Parent link:Схемотехника: научно-технический журнал.— , 2002-2007
№ 11.— 2004.— С. 45-46
Main Author: Заец Н.
Language:Russian
Published: 2004
Series:Практика
Subjects:
Format: Book Chapter
KOHA link:https://koha.lib.tpu.ru/cgi-bin/koha/opac-detail.pl?biblionumber=394917

MARC

LEADER 00000naa2a2200000 4500
001 394917
005 20231101064544.0
035 |a (RuTPU)RU\TPU\prd\31944 
090 |a 394917 
100 |a 20050124a2004 k y0rusy50 ca 
101 0 |a rus 
102 |a RU 
200 1 |a Медицинский термометр  |f Н. Заец 
225 1 |a Практика 
461 1 |0 (RuTPU)RU\TPU\prd\2494  |t Схемотехника  |o научно-технический журнал  |d 2002-2007 
463 1 |0 (RuTPU)RU\TPU\prd\30793  |t № 11  |v С. 45-46  |d 2004 
610 1 |a термометры 
610 1 |a медицинские термометры 
610 1 |a температура тела 
610 1 |a программируемые датчики температуры 
610 1 |a измерение 
610 1 |a алгоритм работы 
610 1 |a схемы термометров 
700 1 |a Заец  |b Н. 
801 1 |a RU  |b 63413507  |c 20050124  |g PSBO 
801 2 |a RU  |b 63413507  |c 20150511  |g RCR 
942 |c BK